000 00872nam a22002417a 4500
005 20110908145123.0
008 110908t xxu||||| |||| 00| 0 eng d
010 _aENG-103793
020 _c450.00
_a9788189833497
035 _aEN-87326
037 _bDBAD/PUB
040 _aDPL
_bEng
082 _a891.551
100 1 _aHasan, Hadi
_934669
245 1 4 _aMughal poetry :
_cby Hadi Hasan
_bits cultural and historical value /
260 _aDelhi
_bAakar Books
_c2008
270 _a28E,Pocket-IV, Mayur Vihar,
_bDelhi
_e110091
_k011-22795505
_l011-22795641
_maakarbooks@gmail.com
300 _a80p.
_c28cm (Hb)
650 0 _934671
700 _934736
942 _2ddc
_cEN
_mHAS
_h891.551
999 _c56619
_d56619